000 00404nam a2200145Ia 4500
005 20250624034518.0
008 240331s9999 xx 000 0 und d
020 _a9789551302344
082 _bAAT
_a338
245 0 _aAathhala Amathaka :
_bSri Lankawe Sankramanika Shamika Kanthawo
260 _aSri Lanka
_bLaw and Social Trust
_c2010
300 _a121 p .,
700 _aSkandaKumar, B.
_eedt
942 _cL
999 _c5760
_d5760